Progressively Harder Movie Posters Quiz Stats

 Plays Quiz Updated Jan 13, 2021

Support Sporcle.
Go Orange.
Score 0/24 Timer 05:00
17 Plays Today
% Correct
Twilight
98.3%
Terminator
97.8%
Back to the Future
97.1%
The Matrix
96.7%
Beauty and the Beast
96.4%
Saving Private Ryan
96.2%
300
94.3%
Braveheart
93.7%
The Dark Knight
93.1%
Top Gun
92.2%
The Nightmare Before Christmas
89.2%
Silence of the Lambs
89.1%
% Correct
The Breakfast Club
89%
Tropic Thunder
81.4%
Face/Off
76.9%
Footloose
76.3%
Office Space
73%
The Wrestler
72.9%
Amélie
70.2%
The Shawshank Redemption
69.6%
The Big Lebowski
61.4%
The Fly
50.4%
Amadeus
43.5%
Ladyhawke
23.5%

You're not logged in!

Compare scores with friends on all Sporcle quizzes.
OR
Log In

From the Vault

Drama TV by Episode Title

by AdamL

Why don't ya come over here and tell us more about these so-called episode titles?
Remove Ads.
Support Sporcle.
Get the best of Sporcle when you Go Orange. This ad-free experience offers more features, more stats, and more fun while also helping to support Sporcle. Thank you for becoming a member.

Show Comments

Extras

Top Quizzes Today


Score Distribution

Your Account Isn't Verified!

In order to create a playlist on Sporcle, you need to verify the email address you used during registration. Go to your Sporcle Settings to finish the process.

Report this User

Report this user for behavior that violates our Community Guidelines.

Details: